| 000 | 00624nam a2200205 4500 | ||
|---|---|---|---|
| 001 | 1867 | ||
| 005 | 20181127164125.0 | ||
| 010 | 0 | 0 | _a |
| 020 | 0 | 0 | _a019567989x |
| 090 | 0 | 0 | _a428 S9721p 2008 |
| 100 | 0 | 0 | _aSwan, Michael. |
| 245 | 0 | 0 |
_aPractical english usage / _b _cMichael Swan. _h |
| 250 | 0 | 0 | _aNew international student's ed. |
| 260 | 0 | 0 |
_aNew Delhi : _bOxford University Press, _c2008. |
| 300 | 0 | 0 | _axxx, 653 p. |
| 500 | 0 | 0 | _a"Indian Edition" |
| 650 | 0 | 0 |
_aEnglish language --Composition and exercises --Study and teaching. _x |
| 650 | 0 | 0 |
_aEnglish language --Study and teaching. _x |
| 650 | 0 | 0 |
_aEnglish language --Usage. _x |
| 999 |
_c1429 _d1429 |
||